<?xml version="1.0" encoding="UTF-8"?><?xml-stylesheet type="text/xsl" href="static/style.xsl"?><OAI-PMH xmlns="http://www.openarchives.org/OAI/2.0/" xmlns:xsi="http://www.w3.org/2001/XMLSchema-instance" xsi:schemaLocation="http://www.openarchives.org/OAI/2.0/ http://www.openarchives.org/OAI/2.0/OAI-PMH.xsd"><responseDate>2026-06-01T06:25:31Z</responseDate><request verb="GetRecord" identifier="oai:riuma.uma.es:10630/31587" metadataPrefix="marc">https://riuma.uma.es/rest/oai/request</request><GetRecord><record><header><identifier>oai:riuma.uma.es:10630/31587</identifier><datestamp>2026-02-03T12:55:10Z</datestamp><setSpec>com_10630_23</setSpec><setSpec>com_10630_3139</setSpec><setSpec>com_10630_10</setSpec><setSpec>col_10630_31577</setSpec></header><metadata><record xmlns="http://www.loc.gov/MARC21/slim" xmlns:dcterms="http://purl.org/dc/terms/" xmlns:doc="http://www.lyncode.com/xoai" xmlns:xsi="http://www.w3.org/2001/XMLSchema-instance" xsi:schemaLocation="http://www.loc.gov/MARC21/slim http://www.loc.gov/standards/marcxml/schema/MARC21slim.xsd">
   <leader>00925njm 22002777a 4500</leader>
   <datafield ind2=" " ind1=" " tag="042">
      <subfield code="a">dc</subfield>
   </datafield>
   <datafield ind2=" " ind1=" " tag="720">
      <subfield code="a">Marcos, Alfredo</subfield>
      <subfield code="e">author</subfield>
   </datafield>
   <datafield ind2=" " ind1=" " tag="260">
      <subfield code="c">2024</subfield>
   </datafield>
   <datafield ind2=" " ind1=" " tag="520">
      <subfield code="a">La ciencia fue cobrando a lo largo de los tiempos modernos nuevos perfiles y características. Fue mutando en ella la relación entre los aspectos&#xd;
teóricos y empíricos. Apeló, además, a nuevas fuentes de legitimidad,&#xd;
tanto en lo epistémico como en lo práctico. Podría decirse que el mundo&#xd;
moderno transformó la forma de hacer y de interpretar la ciencia. Pero,&#xd;
con la misma razón, tenemos que reconocer que el desarrollo de la ciencia contribuyó decisivamente a configurar la modernidad. Pues bien,&#xd;
si la relación entre ciencia y modernidad fue tan estrecha, resultará&#xd;
perfectamente legítimo preocuparse por el destino de lo científico en&#xd;
un marco histórico y en un mundo vital como el nuestro, que no es ya&#xd;
el moderno. ¿Puede darse una ciencia postmoderna?, ¿qué aspecto ha&#xd;
de tener?, ¿dónde ha de apoyar su legitimidad epistémica y práctica?</subfield>
   </datafield>
   <datafield ind1="8" ind2=" " tag="024">
      <subfield code="a">https://hdl.handle.net/10630/31587</subfield>
   </datafield>
   <datafield tag="653" ind2=" " ind1=" ">
      <subfield code="a">Ciencia - Aspectos sociales</subfield>
   </datafield>
   <datafield tag="653" ind2=" " ind1=" ">
      <subfield code="a">Postmodernismo</subfield>
   </datafield>
   <datafield ind2="0" ind1="0" tag="245">
      <subfield code="a">Ciencia y postmodernidad.</subfield>
   </datafield>
</record>
</metadata></record></GetRecord></OAI-PMH>